01128naa#a2200217#i#4500001001600000005001700016011001400033100004100047101000800088102000700096200031000103210011400413215001000527608004500537675008600582700005200668700006200720700006000782700005400842856001400896RU\\bibl\10282320260514190738.4##a2073-0462##a20250901b2025####ek#y0rusy0150####ca0#aRUS##aRU1#aЗАКОНОМЕРНОСТИ ИЗМЕНЕНИЯ ПРОСТРАНСТВЕННОЙ СТРУКТУРЫ АГРОХИМИЧЕСКИХ СВОЙСТВ ПАХОТНОЙ СВЕТЛО-СЕРОЙ ЛЕСНОЙ ПОЧВЫ В ТЕЧЕНИИ МНОГОЛЕТНИХ НАБЛЮДЕНИЙeЖурнальная статья1#aКазаньcКазанский государственный аграрный университетd2025##a8 с.##aЖурнальная статья2local##aПочвоведение. Почвенные исследования. 631.4zRUS#1aСахабиевgИльназ Алимович#1aГаффароваgЛилия Габдулбаровна#1aГиниятуллинgКамиль Гашикович#1aСмирноваgЕлена Васильевна4#azh-szf.ru